K otázke výskytu močových kameňov u detí

Bibliographic Details
Main Author: Benko, Jozef, 1922-2005 (Author)
Format: Article
Language:Slovak

MARC

LEADER 00000nab a2200000uu 4500
001 vtls011483361
003 SK-MaSNL
005 20260406170855.0
008 230121|1954 xo |||||||||||||||||slo|
015 |a SNBRB 
035 |a (urnnbn)urn:nbn:sk:snk:ar-007576 
035 |a (uuid)737f1ee1-b139-4f35-94c3-7eda123d2d98 
035 |a urn:nbn:sk:snk-abda7v 
040 |a SNKBUCL  |b slo  |c SNKBUCL  |e AACR2 
041 0 |a slo 
044 |a xo  |c SK 
100 1 |a Benko, Jozef,   |d 1922-2005  |4 aut  |9 1636191 
245 1 0 |a K otázke výskytu močových kameňov u detí  |c J. Benko 
773 0 |t Lekársky obzor : odborný časopis Slovenskej zdravotníckej univerzity v Bratislave  |g Roč. 3, č. 7-8 (1954), s. 440-447 
954 |a odborná, vedecká literatúra pôvodná (slovenská)  |2 lita 
958 |a OND 
958 |a EUIPO 
958 |a article18 
999 |c 1893413  |d 1895343